000 00530nam a2200181Ia 4500
008 090124s9999 xx 000 0 und d
082 _b102800
100 _aताम्हनकर ना. धों.
245 _a माईची माया
250 _a2
260 _c1948
300 _a64
600 _aताम्हनकर ना. धों.
630 _a माईची माया
700 _aताम्हनकर ना. धों.
730 _a माईची माया
942 _cBOOK
999 _c148892
_d148892